000 00556nam a2200193 i 4500
001 40870
003 ES-MaACL
005 20230906160329.0
007 t|
008 030307s1975 fr ||||1| spa d
100 1 _aCarles, Marc.
_935266
245 1 0 _aCosmofonía /
_cMarc Carles . Pentafonía / Olga Helena Mattei.
260 _aParis :
_b[Embajada Colombiana],
_c1975.
300 _a60 p. ;
_c33 cm.
700 1 _aMattei, Olga Elena.
_979112
740 0 _aPentafonía.
852 _aES-MaACL
_jA-5558
_bR.94121
852 _aES-MaACL
_jA-5559
_bR.94122
999 _c40870
_d40870